Northernmost Countries by Word Length - Statistics

General Stats
  • This quiz has been taken 50 times
  • The average score is 6 of 10
Answer Stats
letters country % Correct
6 Canada
98%
7 Finland
84%
12 United States
67%
13 United Kingdom
60%
10 Kazakhstan
58%
11 Netherlands
56%
5 China
53%
9 Greenland
53%
8 Mongolia
49%
4 Iran
40%
No matching quizzes found
Score Distribution
Percent of People with Each Score
Percentile by Number Answered
Your Score History
You have not taken this quiz